| 000 | 01154nam a2200313 i 4500 | ||
|---|---|---|---|
| 003 | DO-SdBNP | ||
| 005 | 20250624144635.0 | ||
| 007 | ta | ||
| 008 | 110301s2014 dr a 000 0 spa d | ||
| 020 | _a9789945589184 | ||
| 040 |
_aDO-SdBNP _bspa _cBNPHU _erda |
||
| 041 | _aspa | ||
| 082 | 4 |
_a863.44 _bG861p _222 |
|
| 100 | 1 |
_aGrimaldi Silié, Eleanor, _d1948- _eautor _4aut. _985713 |
|
| 245 | 1 | 3 |
_aLa paloma grande de Matachalupe / _cEleanor Grimaldi Silié ; ilustraciones, Werner Olmos Tavárez |
| 264 | 1 |
_aSanto Domingo : _bEditorial Santuario, _c2014. |
|
| 300 |
_a27 páginas : _bilustraciones, _c23 cm. |
||
| 336 |
_atexto _btxt _2rdacontent |
||
| 337 |
_asin mediación _bn _2rdamedia |
||
| 338 |
_avolumen _bnc _2rdacarrier |
||
| 500 | _aIncluye datos biográficos del autor en la solapa de la cubierta. | ||
| 590 | _aInventariado, 2022/ YL | ||
| 650 | 4 |
_aCuentos infantiles dominicanos _9505 |
|
| 650 | 4 |
_aLiteratura infantil dominicana _973308 |
|
| 650 | 4 |
_a Libros y lecturas para niños _910243 |
|
| 700 | 1 | 2 |
_aOlmos Tavárez, Werner, _eilustrador _4il. _943396 |
| 910 | _aYLockward. Validado. Control de calidad/MAA | ||
| 942 |
_2ddc _cLF2 |
||
| 999 |
_c52191 _d52191 |
||